| 000 | 00364nam a2200145Ia 4500 | ||
|---|---|---|---|
| 008 | 240307s9999||||xx |||||||||||||| ||und|| | ||
| 020 | _a 9788191019254 | ||
| 082 |
_a610 _bDee/E |
||
| 100 | _aDerle,Deeliprao | ||
| 245 | 0 | _aEssentials of Physical Pharmacy | |
| 250 | _a2nd Edition | ||
| 260 |
_aHyderabad _bPharmamed Press _c2022 |
||
| 300 | _a338p. | ||
| 942 | _cBK | ||
| 999 |
_c43662 _d43662 |
||